000 00978nam a22002417a 4500
999 _c19086
_d19086
003 AR-CdUCM
008 190516b ||||| |||| 00| 0 spa d
040 _aMUNICIPALIDAD PROVINCIAL DEL CUSCO
_cBIBLIOTECA MUNICIPAL DEL CUSCO
041 _heng
082 _a791.4 /
_bEI34
100 _aEisenstein, Sergio
_940200
245 _aLa forma en el cine /
260 _aBuenos Aires :
_bEdiciones Losange,
_c1958.
300 _a270 páginas ;
_bilustraciones,
_c21 cm.
440 _aColección Estudios Cinematográficos.
_n15
_940201
505 _aContenido: Del teatro al cine -- La inesperado -- El ideograma y los principios cinematográficos -- Un acercamiento dialéctico a la forma cinematográfica -- La cuarta dimensión cinematográfica -- Métodos de montaje ...
650 _aCinematografía
_95757
650 _aCine
_913177
650 _aEstética
_9589
700 _aBellaba, Luis Ángel (traducción)
_940202
942 _2ddc
_cLIBROS
945 _aachl
_d2019-05-16